Diálogos : Filebos. Timaios. Kritias

Kaydedildi:
Detaylı Bibliyografya
Yazar: Platón
Materyal Türü: Kitap
Dil:Undetermined
Baskı/Yayın Bilgisi: Madrid, España Ediciones Ibéricas 1960
Konular:
Etiketler: Etiketle
Etiket eklenmemiş, İlk siz ekleyin!

MARC

LEADER 00000nam a2200000Ia 4500
008 170316s9999 xx 000 0 und d
090 |a 100 P-26di v.7 
100 |a Platón 
245 |a Diálogos : Filebos. Timaios. Kritias 
260 |a Madrid, España 
260 |b Ediciones Ibéricas 
260 |c 1960 
300 |a 481 páginas Vol. 7 
650 |a FILOSOFÍA 
650 |a DIÁLOGOS 
650 |a FILEBOS 
650 |a TIMAIOS 
650 |a KRITIAS 
999 |c 17309  |d 17309 
040 |a cru BVZT 
942 |c 15 D  |h 100 P-26di v.7  |2 z